000 01195nam a22002657a 4500
005 20170124103204.0
010 _aB-070702
020 _c450.00
_a81880260516
035 _aB-070702
037 _bCen Lib/Ret
040 _aDPL
_bHN
082 _a181.45
_bज्ञानेश्व
100 _aज्ञानेश्वर, संत
_943331
245 _aश्रीमद भगवद गीता :
_cसंत ज्ञानेश्वर
_bज्ञानेश्वर गीता /
246 _aShrimad Bahgvad Gita : gyaneshwar geeta /
_bby Sant Gyaneshwar
260 _aदिल्ली
_bदिल्ली पुस्तक सदन
270 _bदिल्ली
_a30/36, गली नं.9, विश्वास नगर, शाहदरा
_e110032
300 _a447पृ.
_c23सेमी(सजिल्द)
490 _aज्ञानेश्वर कृत
650 _aभगवद गीता
_91541
650 _aहिन्दू -- धर्म -- गीता
_993316
650 _aBhagavad Gita
_993317
650 _aHindu - religion - Gita
_993318
942 _2ddc
_cHN
_h181.45
_mज्ञानेश्व
999 _c120902
_d120902